Statistiques concernant Les meilleurs de STAPS Toulouse

Cliquez ici pour prendre le quiz!

Statistiques générales

  • Ce quiz a été pris 6 fois
  • Le résultat moyen est 5 sur 26

Statistiques - réponses

IndicePersonne% Correct
Il est passé du foot au padelEnzo
100%
Celui qui a déjà un diplômeJulien
50%
La bedaine ne le quitte plusNathan
50%
Il a les croisés tout neufNicolas
50%
Le tonton du bledYanis
50%
L'asthmatique de la piscineAxel
33%
Le voleur du CrousAxel
33%
Elle a battu tout les garçons en gymMargot
33%
Ravageur d'appartement qui a signé à RevelValentin
33%
Elles sont 2 dans la classeCarla
17%
La brise coeur d'AlanMarine
17%
Le péteur fouMarius
17%
Il n'a toujours pas le permisMarius
17%
Gym girlAinhoa
0%
Le kenyan blancAurélien
0%
Son réveil ne marche jamaisElodie
0%
Il a atteint le 4ième tour de coupe de FranceEmilien
0%
L'handicapé de la classeGermain
0%
TindermanGuilhem
0%
Le rescapé de la méditerranéeJoseph
0%
Elle sort avec un vieuxMalhia
0%
Elle a plié plus de voiture que de vêtementNaïs
0%
Il est en couple depuis longtempsNolann
0%
Le péteur mortelPierre Alexandre
0%
On ne le verra jamais au JOSeguy
0%
Le deuxième handicapéTiméo
0%

Distribution des résultats

Percentile par nombre de réponses

% des personnes avec chaque résultat

Votre développement - résultats

Vous n’avez pas pris ce quiz